000 005860000a22001810004500
003 MACL
005 20160119155817.0
008 160119b xxu||||| |||| 00| 0 eng d
040 _aMACL
_cMACL
041 _aHindi
082 _a001/SIN
100 _aडॉ ब्रजनाथ सिंह
_933305
245 _aसामान्‍य ज्ञान कौन क्‍या है 2001
260 _bभोपाल
_aसांइटिफिक पब्लिशस
350 _a30
650 _aसामान्‍य ज्ञान
_9328
942 _cHIN
_k001/SIN
_2ddc
999 _c30658
_d30658